000 00286nam a22001337a 4500
008 171222b xxu||||| |||| 00| 0 eng d
020 _a0525459421
041 _aeng
080 _a94
100 _a17
101 _aHIS
245 _aTERROR OF THE SPANISH MAIN
_cSIR,
942 _2udc
_cBK
999 _c39319
_d39319